[Event "Araraquara op"]
[Site "Araraquara"]
[Date "2023.02.19"]
[Round "1.35"]
[White "Do Nascimento, Jose Wallison"]
[Black "Lima, Pedro Vieira"]
[Result "1-0"]
[WhiteElo "1855"]
[BlackElo "1800"]
[PlyCount "75"]
[EventDate "2023.02.19"]
[EventType "swiss"]
[EventRounds "6"]
[EventCountry "BRA"]
[SourceTitle "CBM 213 Extra"]
[Source "ChessBase"]
[SourceDate "2023.05.31"]
[SourceVersion "1"]
[SourceVersionDate "2023.05.31"]
[SourceQuality "1"]

1. e4 c5 2. Nc3 Nc6 3. Nf3 g6 4. Bc4 Bg7 5. 0-0 e6 6. Nb5 d6 7. a4 a6 8. Nc3 Nge7 9. d3 0-0 10. Ng5 h6 11. Nf3 d5 12. exd5 exd5 13. Ba2 b5 14. axb5 axb5 15. Nxb5 Nb4 16. Na3 Kh7 17. Bb1 d4 18. Nd2 Bb7 19. Nb3 Qd5 20. f3 Rfe8 21. Nc4 Rxa1 22. Nxa1 Nf5 23. Nb3 Nc6 24. Re1 Rxe1+ 25. Qxe1 Ne5 26. Nba5 Nxc4 27. Nxc4 Ne3 28. Nxe3 dxe3 29. c3 Qb3 30. Qe2 Bc6 31. Bc2 Qa2 32. Qxe3 Bxc3 33. bxc3 Qxc2 34. Qxh6+ Kg8 35. Qd2 Qxd2 36. Bxd2 Kg7 37. c4 Kf6 38. Be3 1-0

[Event "Araraquara op"]
[Site "Araraquara"]
[Date "2023.02.19"]
[Round "2.40"]
[White "Lima, Pedro Vieira"]
[Black "Caetano, Marco Antonio"]
[Result "1/2-1/2"]
[WhiteElo "1800"]
[BlackElo "1589"]
[PlyCount "33"]
[EventDate "2023.02.19"]
[EventType "swiss"]
[EventRounds "6"]
[EventCountry "BRA"]
[SourceTitle "CBM 213 Extra"]
[Source "ChessBase"]
[SourceDate "2023.05.31"]
[SourceVersion "1"]
[SourceVersionDate "2023.05.31"]
[SourceQuality "1"]

1. c4 Nf6 2. g3 g6 3. Bg2 Bg7 4. Nc3 d6 5. Nf3 0-0 6. 0-0 e5 7. d3 Re8 8. Rb1 a5 9. a3 Na6 10. Qc2 c6 11. b4 axb4 12. axb4 Bd7 13. e4 Rc8 14. Be3 d5 15. b5 cxb5 16. Nxb5 dxc4 17. dxc4 1/2-1/2